000 00497nam a2200157 i 4500
001 168320
003 ES-MaACL
005 20250831023901.0
008 080311q1870 sp |||| | spa d
245 0 4 _aLas relaciones entre la Iglesia y el Estado segĂșn las constituciones modernas.
260 _aMadrid :
_b[s.n.,
_cca. 1870] (
_fImp. de Medina y Navarro)
300 _a23 p. ;
_c16 cm.
650 7 _aIglesia y Estado
_2embne
_913554
852 4 _aES-MaACL
_jT-211-F-5
999 _c168320
_d168320